Lectures on population and development (Record no. 1383)

MARC details
000 -LEADER
fixed length control field 00603nam a2200193Ia 4500
020 ## - INTERNATIONAL STANDARD BOOK NUMBER
ISBN 969-461-002-8
082 ## - DEWEY DECIMAL CLASSIFICATION NUMBER
Classification number 304.6 COA-;
100 ## - MAIN ENTRY--AUTHOR NAME
Personal name Coale, Ansley J.
245 #0 - TITLE STATEMENT
Title Lectures on population and development
260 ## - PUBLICATION, DISTRIBUTION, ETC. (IMPRINT)
Place of publication Islamabad
Name of publisher Pakistan Institute of Development Econom
Year of publication 1990
300 ## - PHYSICAL DESCRIPTION
Number of Pages 123p.
440 ## - SERIES STATEMENT/ADDED ENTRY--TITLE
Title Lectures in development economics; 8
650 ## - SUBJECT ADDED ENTRY--TOPICAL TERM
Topical Term Lectures and lecturing
650 ## - SUBJECT ADDED ENTRY--TOPICAL TERM
Topical Term Population - Developing countries
650 ## - SUBJECT ADDED ENTRY--TOPICAL TERM
Topical Term Developing countries - Economic policy
650 ## - SUBJECT ADDED ENTRY--TOPICAL TERM
Topical Term Economic development - Sociological aspects
700 ## - ADDED ENTRY--PERSONAL NAME
Personal name Naqvi, Haider
942 ## - ADDED ENTRY ELEMENTS (KOHA)
Koha item type Books
Holdings
Withdrawn status Lost status Damaged status Not for loan Home library Current library Date acquired Bill Date Full call number Accession Number Price effective from Koha item type
        NASSDOC Library NASSDOC Library 08/06/2004 2008-12-30 304.6 COA-; 30980 18/04/2019 Books